| 000 | 00610nam a2200205 a 4500 | ||
|---|---|---|---|
| 005 | 20140310183347.0 | ||
| 008 | 070305s19uu xx 00 eng d | ||
| 020 | _a0131968696 | ||
| 050 |
_aHF 1017 _b.B38 2006 |
||
| 100 | _aBerenson, Mark L. | ||
| 245 |
_aBasic Business Statistics : _bconcepts and applications / |
||
| 260 |
_aUpper Saddle River, New Jersey : _bPrentice Hall, _c2005. |
||
| 300 |
_a898 p. : _bcol. ill. ; _c28 cm. |
||
| 650 | _aBusiness Statistics. | ||
| 650 | _aStatistics. | ||
| 700 | _aLevine, David M. | ||
| 700 | _aKrenbiel, Timothy C. | ||
| 942 |
_cBK _2lcc _kFOR |
||
| 999 |
_c21976 _d21976 |
||